000 00828nam a22002177a 4500
003 0
005 20251015110605.0
008 251015b xxu||||| |||| 00| 0 eng d
020 _a978-1-032-69008-7
050 _aRC 480.5
_b.M35 2025
245 _aMaking research relevant :
_bapplied research designs for the mental health practitioner /
_cedited by Kelly L. Wester and Carrie A. Wachter Morris.
250 _aSecond edition.
260 _aNew York, NY :
_bRoutledge,
_c2025.
300 _axiii, 223 pages :
_billustrations ;
_c26 cm.
504 _aIncludes bibliographical references and index.
650 _aMental health
_xResearch
_vMethodology.
650 _aPsychotherapy
_xResearch
_vMethodology.
650 _aCounseling
_xResearch
_vMethodology.
650 _aEvidence-based mental health practice.
942 _2lcc
_cBK
999 _c368243
_d368243